[Event "SV Horst-Emscher 1 - Weiße Dame Borbeck"]
[Site "Regionalliga 2017/2018"]
[Date "2018.03.04"]
[Round "7"]
[White "Ahling, Michael"]
[Black "Dewenter, Ulf"]
[Result "1/2-1/2"]
[WhiteElo "2106"]
[BlackElo "2120"]
[PlyCount "78"]
[EventDate "2018.??.??"]

1. d4 e6 2. Bf4 d5 3. e3 c5 4. c3 Nc6 5. Nf3 Nf6 6. Nbd2 Bd6 7. Bg3 O-O 8. Bd3
b6 9. e4 Be7 10. e5 Nh5 11. a3 a5 12. Qe2 c4 13. Bc2 b5 14. Ng5 Bxg5 15. Qxh5
g6 16. Qe2 f6 17. h4 Bxd2+ 18. Qxd2 fxe5 19. dxe5 Ra7 20. h5 g5 21. h6 Kh8 22.
Rh5 Rg8 23. f4 d4 24. Rxg5 Rxg5 25. fxg5 d3 26. Bd1 Rf7 27. Bf3 Ne7 28. Be4 Qb6
29. Bf2 Qc7 30. O-O-O Bb7 31. Re1 b4 32. cxb4 axb4 33. axb4 c3 34. bxc3 Rxf2
35. Qxf2 Qxc3+ 36. Kd1 Qb3+ 37. Kc1 Qc3+ 38. Kd1 Qb3+ 39. Kc1 Qc3+ 1/2-1/2

[Event "SV Horst-Emscher 1 - Weiße Dame Borbeck"]
[Site "Regionalliga 2017/2018"]
[Date "2018.03.04"]
[Round "7"]
[White "Becker, Marco"]
[Black "Friedrich, Patrick"]
[Result "0-1"]
[WhiteElo "1994"]
[BlackElo "1940"]
[PlyCount "90"]
[EventDate "2018.??.??"]

1. e4 c5 2. Nf3 e6 3. c3 d5 4. exd5 exd5 5. d4 Nf6 6. Bb5+ Bd7 7. Qe2+ Qe7 8.
Ne5 a6 9. Nxd7 Nbxd7 10. Bd3 c4 11. Bc2 Qxe2+ 12. Kxe2 Bd6 13. Kf3 O-O 14. Bg5
Rfe8 15. Nd2 g6 16. g4 Re6 17. h4 Kg7 18. Rag1 h5 19. gxh5 Nxh5 20. Nf1 b5 21.
Ne3 Nb6 22. Bf5 gxf5 23. Bd8+ Kh7 24. Bxb6 Nf4 25. Rg5 Nd3 26. Rhg1 Rg6 27.
Nxf5 Bf8 28. Bc7 Re8 29. Ne3 Rf6+ 30. Nf5 Rg6 31. Rxg6 fxg6 32. Ne3 Bh6 33. Bg3
Bxe3 34. fxe3 Nxb2 35. Rb1 Na4 36. Rc1 Re4 37. Rc2 Re6 38. Be5 Re7 39. e4 Nb6
40. Re2 Na4 41. Re3 Nb6 42. Kf4 Rf7+ 43. Kg5 dxe4 44. Rxe4 Nd5 45. Bd6 Rf5+ 0-1

[Event "SV Horst-Emscher 1 - Weiße Dame Borbeck"]
[Site "Regionalliga 2017/2018"]
[Date "2018.03.04"]
[Round "7"]
[White "Kindermann, Carsten"]
[Black "Arndt, Olaf"]
[Result "1-0"]
[WhiteElo "1909"]
[BlackElo "1861"]
[PlyCount "87"]
[EventDate "2018.??.??"]

1. e4 d5 2. exd5 Nf6 3. Bb5+ Bd7 4. Bc4 Bg4 5. f3 Bc8 6. Nc3 Nbd7 7. d4 Nb6 8.
Bb3 Nbxd5 9. Nxd5 Nxd5 10. c4 Nf6 11. Bc2 c5 12. Be3 cxd4 13. Qxd4 Qxd4 14.
Bxd4 e6 15. O-O-O Be7 16. Ba4+ Bd7 17. Bxd7+ Nxd7 18. Ne2 Bf6 19. Kb1 Rc8 20.
b3 Ke7 21. Rd2 Rhd8 22. Rhd1 a6 23. Nc3 Bxd4 24. Rxd4 b5 25. Ne4 e5 26. Rd5
bxc4 27. Nd6 Rc7 28. Nxc4 f6 29. Nb6 Rb7 30. Nxd7 Rbxd7 31. Rxd7+ Rxd7 32.
Rxd7+ Kxd7 33. Kc2 Kd6 34. Kc3 Kd5 35. b4 f5 36. a4 g5 37. g4 fxg4 38. fxg4 e4
39. b5 axb5 40. axb5 Kc5 41. b6 Kxb6 42. Kd4 e3 43. Kxe3 Kc5 44. Ke4 1-0

[Event "SV Bönen 1 - SF Essen-Werden 1"]
[Site "Verbandsliga, Gruppe 1 2017/2"]
[Date "2018.02.25"]
[Round "7.1"]
[White "ter Steeg, Marcus"]
[Black "Schlottmann, Fabian"]
[Result "1/2-1/2"]
[WhiteElo "2057"]
[BlackElo "2282"]
[PlyCount "43"]
[EventDate "2018.??.??"]

1. d4 d5 2. c4 c6 3. cxd5 cxd5 4. Nc3 Nf6 5. Bf4 e6 6. e3 Bd6 7. Bxd6 Qxd6 8.
f4 Bd7 9. Nf3 Nc6 10. Bd3 Rc8 11. O-O a6 12. Qe2 Nb4 13. Bb1 O-O 14. Rc1 Bb5
15. Qd1 Qb6 16. a3 Nc6 17. Nxb5 Qxb5 18. b4 Qb6 19. Bd3 a5 20. b5 Ne7 21. Rxc8
Rxc8 22. Rc1 1/2-1/2

[Event "SV Bönen 1 - SF Essen-Werden 1"]
[Site "Verbandsliga, Gruppe 1 2017/2"]
[Date "2018.02.25"]
[Round "7.2"]
[White "Lenz, Guntram"]
[Black "Claussen, Uwe"]
[Result "1/2-1/2"]
[WhiteElo "1952"]
[BlackElo "2042"]
[PlyCount "95"]
[EventDate "2018.??.??"]

1. d4 d5 2. c4 e6 3. Nc3 Nf6 4. cxd5 Nxd5 5. e4 Nxc3 6. bxc3 c5 7. Nf3 cxd4 8.
cxd4 Bb4+ 9. Bd2 Qa5 10. a3 Bxd2+ 11. Qxd2 Nc6 12. Qxa5 Nxa5 13. Bb5+ Bd7 14.
Bxd7+ Kxd7 15. Ke2 Rhc8 16. Kd3 f6 17. Rhc1 b5 18. Nd2 a6 19. Rab1 Rxc1 20.
Rxc1 Rb8 21. Rc5 Rb6 22. f4 Rc6 23. Rxc6 Kxc6 24. Kc3 Kd6 25. g4 g6 26. h4 f5
27. gxf5 gxf5 28. exf5 exf5 29. h5 Nc6 30. Nf3 Ne7 31. Ng5 Nd5+ 32. Kd2 Nf6 33.
h6 a5 34. Kd3 Kd5 35. Kc3 b4+ 36. axb4 axb4+ 37. Kxb4 Kxd4 38. Ne6+ Kd5 39. Ng7
Ke4 40. Ne6 Ng4 41. Kc3 Nxh6 42. Ng5+ Kxf4 43. Nxh7 Ng4 44. Kd2 Kg3 45. Ke2 f4
46. Ng5 Nf6 47. Kf1 Kg4 48. Ne6 1/2-1/2

[Event "SV Bönen 1 - SF Essen-Werden 1"]
[Site "Verbandsliga, Gruppe 1 2017/2"]
[Date "2018.02.25"]
[Round "7.3"]
[White "Hütte, Stefan"]
[Black "Fuest, Torsten"]
[Result "1-0"]
[WhiteElo "2011"]
[BlackElo "1888"]
[PlyCount "61"]
[EventDate "2018.??.??"]

1. d4 Nf6 2. Bg5 g6 3. Bxf6 exf6 4. e3 Bg7 5. Ne2 d6 6. Nf4 f5 7. Nd2 Nd7 8.
Bc4 Nf6 9. c3 Qe7 10. h4 c6 11. Bb3 Ne4 12. Qe2 Bd7 13. g3 O-O-O 14. a4 Kb8 15.
a5 d5 16. Nd3 h6 17. Nxe4 fxe4 18. Nc5 h5 19. Ra4 Bg4 20. Qf1 Kc7 21. Rb4 Rb8
22. Ba4 Bf6 23. c4 Rhc8 24. cxd5 cxd5 25. Qb5 Kd8 26. Kd2 Rc7 27. Rc1 Be6 28.
a6 b6 29. Nb7+ Kc8 30. Rxc7+ Kxc7 31. Qc6# 1-0

[Event "SV Bönen 1 - SF Essen-Werden 1"]
[Site "Verbandsliga, Gruppe 1 2017/2"]
[Date "2018.02.25"]
[Round "7.4"]
[White "Merz, Martin"]
[Black "Rehfeldt, Jens"]
[Result "0-1"]
[WhiteElo "1979"]
[BlackElo "1942"]
[PlyCount "66"]
[EventDate "2018.??.??"]

1. d4 d5 2. Nf3 c6 3. g3 Nf6 4. Bg2 Bf5 5. O-O Nbd7 6. c4 e6 7. Nc3 Be7 8. Re1
O-O 9. Bf4 h6 10. Ne5 Nxe5 11. dxe5 Nd7 12. e4 dxe4 13. Bxe4 Bxe4 14. Nxe4 g5
15. Qh5 Kh7 16. Rad1 gxf4 17. Kh1 Qe8 18. gxf4 Rg8 19. f5 Nxe5 20. fxe6 f6 21.
Qe2 c5 22. f4 Ng6 23. Rd7 Rg7 24. Ng3 Bf8 25. Nh5 Qc8 26. Nxg7 Bxg7 27. Qg4
Qc6+ 28. Kg1 f5 29. Qxf5 Rf8 30. Rf7 Rxf7 31. Qxf7 Qf3 32. Rf1 Qe3+ 33. Kg2
Nh4+ 0-1

[Event "SV Bönen 1 - SF Essen-Werden 1"]
[Site "Verbandsliga, Gruppe 1 2017/2"]
[Date "2018.02.25"]
[Round "7.5"]
[White "Bury, Tobias"]
[Black "Schötz, Hans-Joachim"]
[Result "0-1"]
[WhiteElo "1894"]
[BlackElo "1913"]
[Annotator "Gernot"]
[PlyCount "58"]
[EventDate "2018.??.??"]

1. e4 c5 2. Nf3 d6 3. d4 cxd4 4. Nxd4 Nf6 5. Nc3 a6 6. h3 b5 7. g4 Bb7 8. Bg2
e6 9. a3 Nfd7 10. Qe2 Nb6 11. Be3 Nc4 12. O-O-O Qc7 13. Rd3 Nd7 14. f4 Nc5 15.
Rdd1 Qa5 16. Nb3 $11 Nxb3+ 17. cxb3 Nxa3 18. Kd2 Rc8 19. Rc1 Be7 20. g5 O-O 21.
bxa3 Qxa3 22. Qd1 d5 23. Ke2 Rfd8 24. exd5 b4 25. Na4 Qa2+ 26. Kf1 Rxc1 27.
Bxc1 Bxd5 28. Bxd5 Rxd5 29. Qf3 Qc2 0-1

[Event "SV Bönen 1 - SF Essen-Werden 1"]
[Site "Verbandsliga, Gruppe 1 2017/2"]
[Date "2018.02.25"]
[Round "7.6"]
[White "Helmert, Jochen"]
[Black "Biermann, Klaus"]
[Result "1/2-1/2"]
[WhiteElo "1875"]
[BlackElo "1917"]
[PlyCount "151"]
[EventDate "2018.??.??"]

1. e4 c5 2. Nf3 d6 3. Bb5+ Bd7 4. Bxd7+ Qxd7 5. O-O g6 6. c3 Bg7 7. d4 e5 8. d5
Ne7 9. c4 O-O 10. Nc3 h6 11. Ne1 f5 12. f3 Na6 13. Rb1 Nc7 14. Nd3 Ne8 15. b4
b6 16. bxc5 bxc5 17. Qa4 Qxa4 18. Nxa4 fxe4 19. fxe4 Rxf1+ 20. Kxf1 Nf6 21. Nc3
Rf8 22. Kg1 Nc8 23. Rb7 Rf7 24. Rxf7 Kxf7 25. g3 g5 26. Kg2 Bf8 27. Kf3 Kg6 28.
g4 Be7 29. Be3 Nd7 30. Ne2 Bd8 31. Bd2 h5 32. gxh5+ Kxh5 33. Ng3+ Kh4 34. Nf5+
Kh5 35. h3 Kg6 36. Bc3 Bf6 37. Bd2 Bd8 38. Bc3 Bf6 39. Ba5 Be7 40. Bc7 Bf8 41.
Nf2 Ndb6 42. Ne3 Na8 43. Ba5 Nab6 44. Nfd1 Kh5 45. Nc3 Ne7 46. Nb5 Nbc8 47. Nc7
Ng6 48. Ne6 Be7 49. Nf5 Nh4+ 50. Kg3 Nxf5+ 51. exf5 Bf6 52. Kf3 Kh4 53. Bd2 Nb6
54. Kg2 Nxc4 55. Be1+ Kh5 56. Kf3 Nb6 57. Nc7 Be7 58. Ke4 Nd7 59. Kf3 Nf6 60.
a4 c4 61. a5 c3 62. Bxc3 Kh4 63. Kg2 g4 64. Be1+ Kg5 65. a6 gxh3+ 66. Kxh3 Kxf5
67. Bf2 Ke4 68. Bxa7 Nxd5 69. Nb5 Nb4 70. Bb8 Nxa6 71. Bxd6 Bxd6 72. Nxd6+ Kd5
73. Nf5 Nc7 74. Kg3 Ne6 75. Ne7+ Kc5 76. Kf3 1/2-1/2

[Event "SV Bönen 1 - SF Essen-Werden 1"]
[Site "Verbandsliga, Gruppe 1 2017/2"]
[Date "2018.02.25"]
[Round "7.8"]
[White "Medger, Gernot"]
[Black "Blank, Stephan"]
[Result "1/2-1/2"]
[WhiteElo "1806"]
[BlackElo "1797"]
[Annotator "Gernot"]
[PlyCount "57"]
[EventDate "2018.??.??"]

1. d4 Nf6 2. Nf3 c5 3. e3 e6 4. Bd3 a6 5. a4 Nc6 6. c3 Qc7 7. O-O e5 8. dxe5
Nxe5 $11 9. Nxe5 Qxe5 10. f4 Qh5 11. Qxh5 Nxh5 12. c4 Be7 13. Nc3 O-O 14. Nd5
Bd8 15. e4 Nf6 16. Nxf6+ Bxf6 17. e5 Be7 18. Bd2 Rb8 19. Bc3 d6 20. Rad1 Bg4
21. Rd2 dxe5 22. Bxe5 Rbd8 23. h3 Bf5 24. Rfd1 Bxd3 25. Rxd3 Rxd3 26. Rxd3 Rd8
27. Rxd8+ Bxd8 28. Bd6 Bf6 29. b3 1/2-1/2

[Event "SK Sodingen/Castrop2-SV Eichlinghofen1"]
[Site "?"]
[Date "2018.02.18"]
[Round "7.1"]
[White "Watzlawek, Markus"]
[Black "Ribbeheger, Edgar"]
[Result "1-0"]
[WhiteElo "2073"]
[BlackElo "1974"]
[PlyCount "91"]
[EventDate "2018.02.18"]

1. d4 c5 2. d5 Nf6 3. c4 d6 4. Nc3 g6 5. e4 Bg7 6. f3 O-O 7. Bg5 Nbd7 8. Nh3 a6
9. a4 Qa5 10. Nf2 Ne5 11. Ra3 Re8 12. Be2 h6 13. Be3 g5 14. O-O Ng6 15. Qd2 Nh5
16. g3 Nf6 17. f4 gxf4 18. gxf4 h5 19. f5 Ne5 20. Bh6 Bh8 21. Kh1 Kh7 22. Bg5
Bd7 23. Qf4 Nfg4 24. Nxg4 hxg4 25. Nd1 f6 26. Bh4 Bg7 27. Be1 Qd8 28. Bd2 Rh8
29. Bxg4 Nxc4 30. Rh3+ Kg8 31. Rxh8+ Kxh8 32. Bc1 Ne5 33. Bh5 Be8 34. Qh4 Bxh5
35. Qxh5+ Kg8 36. Rg1 Nf7 37. Qg6 Qf8 38. Nf2 Nh8 39. Qg4 Nf7 40. Nh3 Ne5 41.
Qg3 Kf7 42. Nf4 Qh8 43. Ng6 Nxg6 44. Qxg6+ Kf8 45. Rg3 b5 46. Kg2 1-0

[Event "SK Sodingen/Castrop2-SV Eichlinghofen1"]
[Site "Herne"]
[Date "2018.02.18"]
[Round "7.2"]
[White "Haberhausen, Ansgar"]
[Black "Schütte, Tobias"]
[Result "0-1"]
[WhiteElo "2023"]
[BlackElo "2001"]
[PlyCount "58"]
[EventDate "2018.02.18"]

1. d4 Nf6 2. Nf3 c5 3. c3 b6 4. Bf4 Bb7 5. e3 e6 6. Bd3 Be7 7. O-O Nh5 8. Bg3
Nxg3 9. hxg3 d5 10. Ne5 O-O 11. Nd2 f5 12. g4 Nd7 13. f4 Nxe5 14. dxe5 c4 15.
Bc2 Bc5 16. Re1 Qh4 17. gxf5 Qxf4 18. Nf3 Bxe3+ 19. Kf1 exf5 20. Qe2 Bc5 21.
Rad1 Qh6 22. Nd4 Qh1+ 23. Kf2 Qh4+ 24. Kf1 Rae8 25. Qf3 f4 26. e6 Bxd4 27. Rxd4
Rf6 28. e7 Rf7 29. Re5 Rfxe7 0-1

[Event "SK Sodingen/Castrop2-SV Eichlinghofen1"]
[Site "?"]
[Date "2018.02.18"]
[Round "7.3"]
[White "Kropp, Andreas"]
[Black "Förster, Wolfgang"]
[Result "1/2-1/2"]
[WhiteElo "1923"]
[BlackElo "1916"]
[PlyCount "34"]

1. c4 g6 2. Nc3 Bg7 3. e4 c5 4. g3 Nc6 5. Bg2 d6 6. Nge2 e5 7. O-O Nge7 8. Rb1
O-O 9. d3 h6 10. a3 Nd4 11. f4 Nec6 12. h3 f5 13. Kh2 Kh7 14. b4 Rb8 15. fxe5
cxb4 16. Nxd4 Nxd4 17. axb4 dxe5 1/2-1/2

[Event "SK Sodingen/Castrop2-SV Eichlinghofen1"]
[Site "Herne"]
[Date "2018.02.18"]
[Round "7.4"]
[White "Schriewer, Thomas"]
[Black "Dreier, Daniel"]
[Result "1-0"]
[WhiteElo "1916"]
[BlackElo "1979"]
[PlyCount "235"]
[EventDate "2018.02.18"]

1. d4 Nf6 2. Nf3 d6 3. c4 e5 4. dxe5 Ne4 5. Qc2 d5 6. e3 Nc6 7. a3 Bg4 8. Be2
Be7 9. O-O Bxf3 10. Bxf3 Nxe5 11. Bxe4 dxe4 12. Qxe4 Nc6 13. Nc3 O-O 14. Rd1
Qc8 15. Nd5 Bd6 16. Bd2 Re8 17. Qh4 Ne5 18. Bc3 Re6 19. Bxe5 Rxe5 20. c5 Bxc5
21. Rac1 Bd6 22. Nf6+ gxf6 23. Rxd6 Re6 24. Rd5 Qf8 25. h3 c6 26. Rh5 Qg7 27.
Rc4 f5 28. Rd4 Rg6 29. g3 f4 30. Rd8+ Rxd8 31. Qxd8+ Qf8 32. Qxf8+ Kxf8 33.
exf4 h6 34. Kf1 Rd6 35. Ke2 Kg7 36. Re5 Rd7 37. Ke3 f6 38. Re8 Kf7 39. Rh8 Kg7
40. Re8 Kf7 41. Re4 c5 42. Ke2 b6 {R.} 43. Re3 Kg6 44. Rd3 Re7+ 45. Kd2 Kf5 46.
Rd5+ Kg6 47. a4 Rc7 {R.} 48. Kd3 Re7 49. a5 Re1 50. Kc3 Re2 51. axb6 axb6 52.
Rd2 Re4 53. b3 Kf7 54. Rd7+ Kg6 55. Rd6 Rb4 56. Rd1 Re4 57. f3 Re2 58. h4 h5
59. Rd2 Re3+ 60. Rd3 Re2 61. Kc4 Re6 62. Kb5 f5 63. Kc4 Kf6 64. Rd8 Kf7 65. Rh8
Kg6 66. Rg8+ Kh6 67. Rg5 Rf6 68. Kd5 Rf8 69. Ke5 b5 70. Kd5 Rc8 71. Rxf5 c4 72.
bxc4 bxc4 73. Rf6+ Kg7 74. Ra6 c3 75. Ra1 c2 76. Rc1 Rc3 77. Ke4 Kf6 78. g4
Rc4+ 79. Ke3 Rc3+ 80. Ke2 Rc4 81. Ke3 Rc3+ 82. Kf2 Kg6 83. Kg3 Rc4 84. gxh5+
Kxh5 85. f5 Kh6 86. f4 Kg7 87. Kg4 Kf6 88. h5 Rc5 89. h6 Rc7 90. h7 Rxh7 91.
Rxc2 Rg7+ 92. Kf3 Kxf5 93. Rc5+ Kf6 94. Ke4 Rg1 95. Rc6+ Kf7 96. Kf5 Rf1 97.
Rc7+ Kf8 98. Ke5 Re1+ 99. Kf6 Ke8 100. Rc8+ Kd7 101. Rf8 Rf1 102. f5 Rf2 103.
Kg7 Rg2+ 104. Kf7 Rf2 105. f6 Rb2 106. Ra8 Rg2 107. Ra5 Rd2 108. Ra7+ Kd8 109.
Kf8 Rg2 110. f7 Rg3 111. Ra5 Rd3 112. Rg5 Rf3 113. Kg8 Ke7 114. Re5+ Kd6 115.
Re8 Rg3+ 116. Kh7 Rh3+ 117. Kg6 Rg3+ 118. Kh5 1-0

[Event "SK Sodingen/Castrop2-SV Eichlinghofen1"]
[Site "?"]
[Date "2018.02.18"]
[Round "7.5"]
[White "Wloka, Sebastian"]
[Black "Evertz, Dieter"]
[Result "1/2-1/2"]
[WhiteElo "1891"]
[BlackElo "1929"]
[PlyCount "114"]
[EventDate "2018.02.18"]

1. d4 f5 2. e4 fxe4 3. Nc3 Nf6 4. Bg5 Nc6 5. d5 Ne5 6. Qe2 d6 7. Bxf6 exf6 8.
Qxe4 Be7 9. Bb5+ Kf7 10. f4 f5 11. Qd4 Ng4 12. Nge2 Bh4+ 13. g3 Bf6 14. Qd2 a6
15. Bd3 Re8 16. O-O b5 17. a3 c5 18. h3 Ne3 19. Rf3 Qe7 20. Kf2 Qa7 21. Rxe3
Rxe3 22. Qxe3 Bd4 23. Nxd4 cxd4 24. Qe2 dxc3+ 25. Kg2 Qc5 26. Qh5+ Kf8 27. Re1
Qxd5+ 28. Kh2 Bb7 29. Qxf5+ Qxf5 30. Bxf5 g6 31. Bd3 Rc8 32. b3 Kf7 33. g4 Bd5
34. Re2 Rb8 35. Kg3 a5 36. f5 g5 37. h4 h6 38. h5 b4 39. a4 Re8 40. Kf2 Rxe2+
41. Kxe2 Kf6 42. Kf2 Ke5 43. Ke3 Bf7 44. Be4 Be8 45. Bd3 Bd7 46. Bb5 Bc8 47.
Bd3 Bd7 48. Bb5 Bc8 49. Bd3 Bb7 50. Bc4 Bc6 51. Bb5 Bb7 52. Bc4 Bg2 53. Bd3 Bb7
54. Bc4 d5 55. Bd3 d4+ 56. Kf2 Bc6 57. Ke2 Bd5 1/2-1/2

[Event "SK Sodingen/Castrop2-SV Eichlinghofen1"]
[Site "?"]
[Date "2018.02.18"]
[Round "7.6"]
[White "Hessel, Malte"]
[Black "Brockmann, Michael"]
[Result "0-1"]
[WhiteElo "1857"]
[BlackElo "1964"]
[PlyCount "94"]
[EventDate "2018.02.18"]

1. d4 d5 2. Nf3 Nf6 3. e3 Bg4 4. c4 c6 5. cxd5 Nxd5 6. Be2 e6 7. O-O Be7 8. Qb3
Qb6 9. Qxb6 axb6 10. Bd2 b5 11. Nc3 b4 12. Nxd5 exd5 13. Rfe1 Nd7 14. h3 Bf5
15. Rec1 O-O 16. Ne1 Ra7 17. Bd3 Be6 18. Nc2 c5 19. Bb5 b6 20. a4 Rfa8 21. b3
Nf6 22. Bc6 Rc8 23. Bb5 Ne4 24. Be1 Nd6 25. Be2 Rac7 26. Ba6 Ra8 27. Be2 Rcc8
28. f3 Nb7 29. g4 Na5 30. Rab1 h5 31. f4 hxg4 32. hxg4 g6 33. Kg2 Kg7 34. Bg3
c4 35. bxc4 b3 36. Ne1 dxc4 37. Bf3 Ra7 38. e4 Ba3 39. Rc3 Bb4 40. Re3 Bd2 41.
Re2 c3 42. Nd3 Bc4 43. Rxd2 Bxd3 44. Rxd3 c2 45. Rdxb3 Nxb3 46. Rh1 c1=Q 47.
Rxc1 Rxc1 0-1

[Event "SK Sodingen/Castrop2-SV Eichlinghofen1"]
[Site "?"]
[Date "2018.02.18"]
[Round "7.7"]
[White "Dekhtyaryuk, Dimitri"]
[Black "Kock, Wolfgang"]
[Result "1/2-1/2"]
[WhiteElo "1848"]
[BlackElo "1959"]
[PlyCount "139"]
[EventDate "2018.02.18"]

1. d4 Nf6 2. Nf3 e6 3. Bg5 Be7 4. e3 c5 5. c3 b6 6. Bd3 Bb7 7. O-O d6 8. Nbd2
Nbd7 9. e4 h6 10. Bh4 O-O 11. e5 dxe5 12. dxe5 Nh5 13. Bxe7 Qxe7 14. Be4 Bxe4
15. Nxe4 Nf4 16. Re1 Rad8 17. Qc2 Ng6 18. Ned2 Nb8 19. Rad1 Qc7 20. Nc4 b5 21.
Rxd8 Rxd8 22. Na3 a6 23. Qe4 Nc6 24. Nc2 Nce7 25. Ne3 Qc6 26. Qc2 Qa8 27. c4 {
R.} 27... b4 28. Rd1 Rxd1+ 29. Qxd1 Qe4 30. h3 Nc6 31. Qd6 Ncxe5 32. Nxe5 Qxe5
33. Qxa6 Nf4 34. Qa8+ Kh7 35. Qf3 f5 36. b3 Nd3 37. Qd1 Qd4 38. Qc2 g6 39. Qd2
e5 40. Nc2 Qd6 41. a4 bxa3 42. Nxa3 e4 43. Nb5 Qf6 44. Qa5 h5 45. Qd2 Qa1+ 46.
Kh2 Qe5+ 47. Kg1 f4 48. Nc3 Qd4 49. Nd5 Qa1+ 50. Kh2 Qe5 51. Kg1 h4 52. Qe2 Qd4
53. Qd2 Qa1+ 54. Kh2 g5 55. Qe2 Qe5 56. Kg1 Kh6 57. Qa2 Nb4 58. Nxb4 cxb4 59.
Qa6+ Kh5 60. Qb7 Kg6 61. Qc6+ Kf5 62. Qd7+ Kf6 63. Qd8+ Qe7 64. Qd4+ Kg6 65.
Qb6+ Kf5 66. Qb5+ Kf6 67. Qc6+ Kf5 68. Qd5+ Qe5 69. Qf7+ Qf6 70. Qd5+ 1/2-1/2

[Event "SK Sodingen/Castrop2-SV Eichlinghofen1"]
[Site "?"]
[Date "2018.02.18"]
[Round "7.8"]
[White "Mittelbachert, Ulrich"]
[Black "Gitschel, Ralf"]
[Result "0-1"]
[WhiteElo "1855"]
[BlackElo "1834"]
[PlyCount "96"]
[EventDate "2018.02.18"]

1. Nf3 c5 2. e4 Nc6 3. d3 d6 4. g3 g6 5. Bg2 Bg7 6. c3 Nf6 7. Nbd2 b5 8. Qe2
Rb8 9. O-O O-O 10. Re1 e5 11. h3 Be6 12. Kh2 b4 {R.} 13. Nf1 h6 14. N3d2 bxc3
15. bxc3 Qa5 16. Nb1 Rb7 17. Be3 Rfb8 18. c4 Rb2 19. Nbd2 Qa3 20. Reb1 a5 21.
f4 a4 22. f5 Bd7 23. g4 Nb4 24. Rxb2 Qxb2 25. Qd1 Qa3 26. Rb1 Qxd3 27. Bf2 Bc6
28. Bf3 Nxe4 29. Nxe4 Bxe4 30. Bxe4 Qxe4 31. a3 Bf8 32. Ng3 {R.} 32... Qf4 33.
Bg1 Qxc4 34. fxg6 fxg6 35. axb4 Rxb4 36. Rxb4 Qa2+ 37. Rb2 Qxb2+ 38. Kh1 Qb7+
39. Kh2 a3 40. Qa4 Qb2+ 41. Kh1 a2 42. Qe8 Qb1 43. Nf5 Qb7+ 44. Kh2 gxf5 45.
Qa4 Qb2+ 46. Kh1 a1=Q 47. Qc4+ Kg7 48. gxf5 Qa8+ 0-1

[Event "SV Erkenschwick 2 - Sport Union Annen 1"]
[Site "Verbandsliga, Gruppe 1 2017/2"]
[Date "2018.02.25"]
[Round "7.1"]
[White "Mainka, Gregor"]
[Black "Trzaska, Peter"]
[Result "1/2-1/2"]
[WhiteElo "2183"]
[BlackElo "2034"]
[PlyCount "48"]
[EventDate "2018.??.??"]

1. c4 Nf6 2. Nf3 g6 3. d4 d5 4. cxd5 Bg7 5. Qa4+ Nbd7 6. Nc3 O-O 7. e4 a6 8.
Be2 b5 9. Qc2 Bb7 10. a3 Rc8 11. O-O c6 12. dxc6 Bxc6 13. d5 Bb7 14. Be3 Nc5
15. Nd2 Na4 16. Qb3 Nxc3 17. bxc3 e6 18. c4 exd5 19. cxb5 Nxe4 20. bxa6 Ba8 21.
Rac1 Nc3 22. Bd3 d4 23. Bf4 Qh4 24. Bg3 Qg5 1/2-1/2

[Event "SV Erkenschwick 2 - Sport Union Annen 1"]
[Site "Verbandsliga, Gruppe 1 2017/2"]
[Date "2018.02.25"]
[Round "7.2"]
[White "Schulze Bisping, Franz-Adolf"]
[Black "Reinoehl, Christian"]
[Result "0-1"]
[WhiteElo "1911"]
[BlackElo "2083"]
[PlyCount "82"]
[EventDate "2018.??.??"]

1. d4 d5 2. c4 c6 3. Nf3 Nf6 4. Nc3 e6 5. cxd5 exd5 6. Bg5 Bf5 7. a3 Nbd7 8.
Nh4 Be6 9. Qc2 h6 10. Bc1 Ne4 11. Nf3 f5 12. h4 Bd6 13. b4 O-O 14. Na4 Ndf6 15.
Nb2 a5 16. bxa5 Qxa5+ 17. Bd2 Nxd2 18. Nxd2 Bxa3 19. Nd3 Ne4 20. Rb1 Bd6 21.
Rxb7 Rfb8 22. Rxb8+ Rxb8 23. e3 Rb1+ 24. Ke2 Ra1 25. Nb3 Ra2 26. Nxa5 Rxc2+ 27.
Ke1 Nxf2 28. Nxf2 Bb4+ 29. Kd1 Rd2+ 30. Kc1 Rxf2 31. Nxc6 Bd2+ 32. Kd1 Bxe3 33.
Be2 Rxg2 34. Bf3 Rd2+ 35. Ke1 Kf8 36. Rf1 Ke8 37. Bd1 Rh2 38. Bh5+ Kd7 39. Ne5+
Kd6 40. Nf3 Ra2 41. Be8 f4 0-1

[Event "SV Erkenschwick 2 - Sport Union Annen 1"]
[Site "Verbandsliga, Gruppe 1 2017/2"]
[Date "2018.02.25"]
[Round "7.3"]
[White "Wicht, Juergen"]
[Black "Broszeit, Peter"]
[Result "1/2-1/2"]
[WhiteElo "2051"]
[BlackElo "1907"]
[Annotator "Daniel"]
[PlyCount "87"]
[EventDate "2018.??.??"]

1. d4 Nf6 2. c4 c5 3. d5 b5 4. cxb5 a6 5. b6 Qxb6 6. Nc3 d6 7. e4 Nbd7 8. Be2
g6 9. h3 Bg7 10. Nf3 O-O 11. O-O h6 12. Nd2 Rb8 13. Nc4 Qc7 14. Bf4 Nb6 15. Ne3
Nfd7 16. a4 Ne5 17. Qd2 g5 18. Bg3 Ng6 19. a5 Nd7 20. Nf5 Nde5 21. Nxg7 Kxg7
22. Na4 Rb4 23. Rfc1 Rxe4 24. f3 Rxe2 25. Qxe2 Qxa5 26. Nxc5 Qb6 27. Kh2 Qb5
28. Qxb5 axb5 29. Na6 Nd3 30. Rcb1 Bf5 31. Ra5 Ra8 32. b4 Nxb4 33. Rxb4 Bc8 34.
Rbxb5 Rxa6 35. Rxa6 Bxa6 36. Ra5 Bc4 37. Kg1 f5 38. Kf2 $11 f4 39. Bh2 Kf6 40.
g3 Ke5 41. gxf4+ gxf4 42. Ra1 Bxd5 43. Rg1 Kf5 44. Rxg6 1/2-1/2

[Event "SV Erkenschwick 2 - Sport Union Annen 1"]
[Site "Verbandsliga, Gruppe 1 2017/2"]
[Date "2018.02.25"]
[Round "7.4"]
[White "Jungbluth, Rolf"]
[Black "Herrmann, Uwe"]
[Result "1-0"]
[WhiteElo "1869"]
[BlackElo "1923"]
[PlyCount "113"]
[EventDate "2018.??.??"]

1. c4 Nf6 2. Nc3 g6 3. d4 Bg7 4. e4 d6 5. Be2 O-O 6. Bg5 c5 7. d5 Qa5 8. Qd2
Re8 9. f3 Na6 10. g4 Bd7 11. Nh3 Nc7 12. Nf2 Rab8 13. h4 b5 14. h5 bxc4 15.
Nfd1 Nb5 16. hxg6 hxg6 17. Bh6 Bh8 18. Be3 Bg7 19. Bxc4 Nd4 20. Kf2 a6 21. Bh6
Bh8 22. Bg5 Bg7 23. Bh6 Bh8 24. Bf4 Bg7 25. Kg3 Bb5 26. Bxb5 axb5 27. Qh2 b4
28. Ne2 e5 29. Bh6 Nxe2+ 30. Qxe2 Bxh6 31. Rxh6 Kg7 32. g5 Nh5+ 33. Rxh5 gxh5
34. Ne3 Rh8 35. Kh4 Qd8 36. Qg2 Kf8 37. Qh3 Qc8 38. Qf5 Qxf5 39. Nxf5 Rb6 40.
Rg1 Rg8 41. b3 Rg6 42. Kxh5 Ke8 43. Rf1 Ra6 44. Rf2 Ra8 45. Nh4 Rg8 46. Kg4 Kd7
47. f4 exf4 48. Kxf4 Rh8 49. Kg4 Rh7 50. Rf6 Rxa2 51. Nf5 Ra6 52. e5 c4 53. e6+
fxe6 54. dxe6+ Ke8 55. g6 Rh1 56. g7 Rg1+ 57. Ng3 1-0

[Event "SV Erkenschwick 2 - Sport Union Annen 1"]
[Site "Verbandsliga, Gruppe 1 2017/2"]
[Date "2018.02.25"]
[Round "7.5"]
[White "Sondermann, Dirk"]
[Black "Schawacht, Max"]
[Result "1/2-1/2"]
[WhiteElo "1852"]
[BlackElo "1859"]
[Annotator "Daniel"]
[PlyCount "114"]
[EventDate "2018.??.??"]

1. d4 Nf6 2. Nf3 d5 3. e3 e6 4. Bd3 Be7 5. O-O O-O 6. Nbd2 c5 7. b3 Nc6 8. Bb2
b6 9. Ne5 Bb7 10. f4 Rc8 11. a3 cxd4 12. exd4 g6 13. Qe2 Ne8 14. Ndf3 Nd6 15.
Nxc6 Bxc6 16. Ne5 Bb7 17. Rac1 Re8 $11 18. Rf3 Bf8 19. Rh3 Qf6 20. Rf1 Rc7 21.
g4 Qg7 22. g5 f5 23. gxf6 Qxf6 24. Rg3 Nf5 25. Bxf5 exf5 26. Re3 Rec8 27. c3
Bd6 28. Re1 Qh4 29. Qf2 Qxf2+ 30. Kxf2 a5 31. a4 Ba6 32. Kf3 Rb7 33. Ra1 Rbc7
34. Kg3 Kg7 35. Rae1 Re8 36. h4 h6 37. Kf3 h5 38. Rg1 Re6 39. Rge1 Be7 40. Kg3
Bf6 41. Nf3 Re4 42. Nd2 Rxe3+ 43. Rxe3 Re7 44. Rxe7+ Bxe7 45. Nf3 Be2 46. Ne5
Bd1 47. Nc6 Bd6 48. c4 Bxb3 49. c5 Bc7 50. cxb6 Bxb6 51. Bc3 Bxa4 52. Nxa5 Kf7
53. Nb7 Ke7 54. Bb4+ Kf6 55. Nc5 Bb5 56. Kf3 Kf7 57. Nb7 Bc6 1/2-1/2

[Event "SV Erkenschwick 2 - Sport Union Annen 1"]
[Site "Verbandsliga, Gruppe 1 2017/2"]
[Date "2018.02.25"]
[Round "7.6"]
[White "Broksch, Dirk"]
[Black "Hartung, Thomas"]
[Result "1/2-1/2"]
[WhiteElo "1823"]
[BlackElo "1931"]
[Annotator "Daniel"]
[PlyCount "128"]
[EventDate "2018.??.??"]

1. d4 Nf6 2. Nf3 g6 3. Bf4 Bg7 4. h3 d6 5. e3 c5 6. c3 O-O 7. Be2 b6 8. O-O Bb7
9. Qb3 Nc6 10. Rd1 Qc7 11. Nbd2 e5 12. dxe5 dxe5 13. Bh2 Qe7 14. Nc4 Ne4 15.
Nfd2 Nxd2 16. Rxd2 Qg5 17. f4 Qe7 18. Rad1 Rad8 19. Rxd8 $11 Rxd8 20. Rxd8+
Qxd8 21. Qd1 Qe7 22. Nd6 Ba8 23. Qd5 exf4 24. Bxf4 h6 25. Bc4 g5 26. Qxf7+ Qxf7
27. Bxf7+ Kf8 28. Bh2 Ne5 29. Bb3 Nd3 30. Nb5 Nxb2 31. Bd6+ Ke8 32. Be6 Kd8 $11
33. Nxa7 Bxc3 34. Nc8 Na4 35. Ne7 b5 36. Nf5 c4 37. Nxh6 Bd2 38. Kf2 Be4 39.
Nf7+ Ke8 40. Nxg5 Bd3 41. Nf3 c3 42. Nxd2 cxd2 43. Bb3 Bc4 44. Bb4 Bxb3 45.
Bxd2 Bxa2 46. e4 Nc5 47. Ke3 Bb1 48. e5 Kf7 49. g4 $11 Ke6 50. Bc3 Nd3 51. h4
Nxe5 52. Kf4 Nd3+ 53. Ke3 Kf7 54. h5 b4 55. Bd4 b3 56. g5 Nb4 57. g6+ Kg8 58.
Kf4 Nd5+ 59. Kg5 Ne7 60. Kf6 Nf5 61. Bb2 Bc2 62. Kg5 Ne7 63. Kf6 Nf5 64. Kg5
Ne7 1/2-1/2